000 00364 a2200109 4500
001 ART_2992
005 20260410161711.0
008 260409a
245 1 0 _aLa persistencia de la pobreza en México.Un análisis económico estructural
100 1 _aBarkin, David
773 0 _tDesarrollo económico
_g- Vol. 10, Nº 38 (jul./sep. 1970)
_wREV1174
999 _c16119
_d16119